Hluk a kmitanie v praxi = Noise and vibration in practice : zborník referátov z XIV. medzinárodného akustického seminára, Kočovce, Slovensko, 1. a 2. jún 2009 /

Uloženo v:
Podrobná bibliografie
Korporace: Slovenská technická univerzita v Bratislave (Bratislava, Slovensko) (Původce), Hluk a kmitanie v praxi
Další autoři: Žiaran, Stanislav, 1948- (Editor)
Médium: Konferenční příspěvek Kniha
Jazyk:slovenština
angličtina
Vydáno: Bratislava : Slovenská technická univerzita v Bratislave, 2009
Vydání:1. vyd.
Témata:
ISBN:9788022730938
On-line přístup: Získat plný text
Tagy: Přidat tag
Žádné tagy, Buďte první, kdo vytvoří štítek k tomuto záznamu!

MARC

LEADER 00000nam a2200000 4500
003 SK-BrCVT
005 20230503092713.0
006 aado e 100 0
008 100421s2009 xo ado e 100 0slo d
020 |a 9788022730938   |q (brož.) 
035 |a CVTIDW1524115 
040 |b slo  |c CVTISR  |a CVTI SR  |e AACR2 
041 0 |a slo  |a eng 
044 |a xo  |c SK 
080 |a 534  |2 UDC-MRF 
080 |a 628.517  |2 UDC-MRF 
110 2 |a Slovenská technická univerzita v Bratislave (Bratislava, Slovensko)  |4 org 
245 1 0 |a Hluk a kmitanie v praxi =  |b Noise and vibration in practice : zborník referátov z XIV. medzinárodného akustického seminára, Kočovce, Slovensko, 1. a 2. jún 2009 /  |c Slovenská technická univerzita, Ústav materiálov a mechaniky strojov SAV, Slovenská spoločnosť techniky prostredia, Slovenská akustická spoločnosť pri SAV ; editor: Stanislav Žiaran 
246 1 1 |a Noise and vibration in practice 
250 |a 1. vyd. 
260 |a Bratislava :  |b Slovenská technická univerzita v Bratislave,  |c 2009 
300 |a 105 s. :  |b fotogr., grafy, lit., obr., tab. ;  |c 25 cm 
653 1 |a hluk strojov  |a emisia hluku  |a meranie vibrácií  |a akustika 
655 7 |2 SNKPH  |a zborníky  |9 34875 
700 1 |a Žiaran, Stanislav,  |d 1948-  |4 edt 
710 2 |a Ústav materiálov a mechaniky strojov (Bratislava, Slovensko)  |4 oth 
710 2 |a Slovenská spoločnosť pre techniku prostredia, SSTP (Bratislava, Slovensko)  |4 oth 
710 2 |a Slovenská akustická spoločnost (Bratislava, Slovensko)  |4 oth 
711 2 |a Hluk a kmitanie v praxi  |d 1. a 2. jún 2009 :  |c Kočovce, Slovensko) 
852 |a CVTISR  |b 1 
910 |b V000984  |b A610650 
919 |a 978-80-227-3093-8 
974 |a maria.Geracsekova  |f Knihy  |b Rita Zubonyaiová 
992 |a AZN 
999 |c 151753  |d 151753